Nondestructive Testing Handbook

Bibliographische Detailangaben
Weitere Verfasser: Moore P. O. Patrick O. (редактор)
Sprache:Russisch
Veröffentlicht: Columbus, American Society for Nondestructive Testing, 1999-2005
Ausgabe:3rd ed.
Format: MixedMaterials Buch
KOHA link:https://koha.lib.tpu.ru/cgi-bin/koha/opac-detail.pl?biblionumber=126383

MARC

LEADER 00000nam1a2200000 4500
001 126383
005 20231031131844.0
035 |a (RuTPU)RU\TPU\book\136723 
090 |a 126383 
100 |a 20071127d1999 m y0engy50 ca 
101 0 |a rus 
102 |a US 
200 1 |a Nondestructive Testing Handbook  |f под ред. P. O. Moore 
205 |a 3rd ed. 
210 |a Columbus  |c American Society for Nondestructive Testing  |d 1999-2005 
702 1 |a Moore  |b P. O.  |g Patrick O.  |4 340 
801 1 |a RU  |b 63413507  |c 20071127  |g PSBO 
942 |c BK